|
|
|
|
| LEADER |
01014nam a2200277 a 4500 |
| 001 |
5701 |
| 003 |
BD-DhAAL |
| 005 |
20150614105302.0 |
| 008 |
150614s1998 nyuab b 001 0 eng |
| 010 |
|
|
|a 97011441
|
| 020 |
|
|
|a 0070494002 (pbk. : alk. paper)
|
| 040 |
|
|
|a DLC
|c DLC
|d DLC
|d BD-DhAAL
|
| 050 |
0 |
0 |
|a JK274
|b .P36 1998
|
| 082 |
0 |
0 |
|a 320.473
|2 21
|
| 100 |
1 |
|
|a Patterson, Thomas E.
|9 8135
|
| 245 |
1 |
0 |
|a We the people :
|b a concise introduction to American politics /
|c Thomas E. Patterson.
|
| 250 |
|
|
|a 2nd ed.
|
| 260 |
|
|
|a New York :
|b McGraw-Hill,
|c c1998.
|
| 300 |
|
|
|a 1 v. (various pagings) :
|b ill., maps ;
|c 23 cm.
|
| 500 |
|
|
|a "Overture books."
|
| 504 |
|
|
|a Includes bibliographical references and index.
|
| 541 |
|
|
|e 5701
|
| 651 |
|
0 |
|a United States
|x Politics and government.
|9 11990
|
| 942 |
|
|
|2 ddc
|c BK
|
| 999 |
|
|
|c 34707
|d 34707
|
| 952 |
|
|
|0 0
|1 0
|2 ddc
|4 0
|6 320_473000000000000_PAT
|7 0
|9 54277
|a SCL
|b SCL
|c GEN
|d 2015-06-14
|e Gift: The Asia Foundation
|l 0
|o 320.473 PAT
|p 3020005701
|r 2015-06-14
|t 1
|w 2015-06-14
|y BK
|